[Event "6th Cattolica Open 2019"]
[Site "Cattolica"]
[Date "2019.06.09"]
[Round "2.7"]
[White "Dudin, Gleb"]
[Black "Rychagov, Andrey"]
[Result "0-1"]
[WhiteElo "2317"]
[BlackElo "2520"]
[Annotator "TA"]
[PlyCount "122"]
[EventDate "2019.06.08"]
[EventType "swiss"]
[EventCountry "ITA"]
[SourceTitle "playchess.com"]
[Source "ChessBase"]
[SourceQuality "1"]

{[%evp 22,122,8,0,14,0,18,13,16,0,29,0,21,17,24,31,27,0,0,0,36,41,38,38,50,39,56,0,14,5,14,14,17,15,6,0,0,0,17,-18,-11,-11,-11,-11,-11,-19,-11,-11,-11,-10,-12,-19,-16,-13,-12,-14,-23,-23,-23,-23,-6,-15,-22,-23,-23,-23,-6,-23,-23,-110,-24,-256,-268,-250,-245,-243,-217,-314,-358,-375,-325,-275,-35,-392,-394,-418,-291,-341,0,-408,-397,-501,-470,-419,-402,-1753,-1266,-29986,-29987,-29987,-29988,-29994,-29995]} 1. d4 f5 2. c4 Nf6 3. g3 g6 4. Bg2 Bg7 5. Nc3 d6 6. Nf3 O-O 7. O-O c6 8. d5 e5 9. dxe6 Bxe6 10. b3 Na6 11. Bb2 Qe7 12. Qc2 Rad8 {A88: Dutch Defence: Leningrad System: 5 Nf3 0-0 6 0-0 d6 7 Nc3 c6} 13. Rad1 Nc5 14. Rfe1 (14. e3 h6 15. Ba3 Nce4 16. Nd4 Bc8 17. Bb2 g5 18. Bh3 Ng4 19. Bxg4 Nxc3 20. Bxc3 fxg4 {0-1 (40) Khusenkhojaev,M (2434)-Tsydypov,Z (2520) St Petersburg 2018}) 14... Rfe8 {The position is equal.} 15. Nd2 $146 ({Predecessor:} 15. Ng5 a5 16. Nxe6 Qxe6 17. a3 Rd7 18. b4 axb4 19. axb4 {½-½ (34) Bang,A (2285)-Hoiberg,N (2275) Copenhagen 1991}) 15... Qf7 16. Nf3 Qc7 17. Ng5 Bc8 18. e3 a5 19. h4 h6 20. Nh3 Be6 21. Nf4 Qf7 22. Nxe6 Rxe6 23. Ne2 Nce4 24. Nc3 (24. f3 $14 Nc5 25. Nf4) 24... g5 25. hxg5 hxg5 26. Nxe4 Nxe4 27. Bxg7 Kxg7 28. Qb2+ Qf6 29. Qxf6+ Kxf6 30. Rd3 g4 31. Red1 Ke5 32. Kf1 Rh6 33. Rd4 Rb8 34. Rc1 Rbh8 {...Rh1+! is the strong threat.} 35. Rcd1 Ra8 36. Rc1 a4 37. b4 a3 38. Rd3 Ra4 39. Rb1 Rh8 40. Rbb3 Rha8 41. Bxe4 fxe4 $11 {[%mdl 4096] Endgame KRR-KRR} 42. Rd2 Rh8 {Black wants to play ...Rh1+.} 43. Kg2 Rd8 44. Rd4 d5 {Hoping for ...dxc4.} 45. Rb1 (45. c5 $1 $11) 45... Rd7 (45... b6 $1 $17) 46. Kf1 $2 {[#]} (46. c5 $1 $11 {and White is okay.}) 46... c5 $1 $19 {[%cal Rc5d4][%mdl 512]} 47. bxc5 {Threatens to win with Rbd1.} Rxc4 48. Rd2 Rxc5 49. Rb3 (49. Kg2 $142) 49... Rh7 $1 50. Kg2 b5 $1 51. Rd1 {[#]} Rf7 $2 (51... Ra7 $1 $19 {White must now prevent ...Ra5.} 52. Kf1 Ra5) 52. Rd2 $2 {[%mdl 8192] [#]} (52. Rxa3 $15 Rc2 53. Rf1) 52... Ra7 $1 {[%cal Ra7a4]} 53. Rb1 Rh7 54. Rb3 Ra7 55. Rb1 Ra4 56. Rb3 Kd6 57. Kf1 Rc1+ 58. Kg2 (58. Ke2 $142 Kc5 59. Rd1 Rxd1 60. Kxd1) 58... Kc5 59. Re2 Ra7 {Black mates.} 60. Rd2 Rh7 61. Rxa3 Rch1 {Accuracy: White = 43%, Black = 59%.} 0-1

[Event "6th Cattolica Open 2019"]
[Site "Cattolica"]
[Date "2019.06.09"]
[Round "2.9"]
[White "Guerrero Sierra, Juan Carlos"]
[Black "Barseghyan, Harutyun"]
[Result "0-1"]
[WhiteElo "2290"]
[BlackElo "2495"]
[Annotator "ChessBase"]
[PlyCount "96"]
[EventDate "2019.06.08"]
[EventType "swiss"]
[EventCountry "ITA"]
[SourceTitle "playchess.com"]
[Source "ChessBase"]
[SourceQuality "1"]
[TimeControl "40/5400+30:900+30"]

1. d4 {[%emt 0:01:25]} Nf6 {[%emt 0:00:00]} 2. Nf3 {[%emt 0:00:29]} c5 {[%emt 0:00:00]} 3. d5 {[%emt 0:01:16]} b5 {[%emt 0:00:00]} 4. c4 {[%emt 0:01:28]} g6 {[%emt 0:00:46]} 5. cxb5 {[%emt 0:00:50]} a6 {[%emt 0:00:16]} 6. bxa6 {[%emt 0:00:15]} Bg7 {[%emt 0:01:10]} 7. Nc3 {[%emt 0:00:19]} Bxa6 {[%emt 0:04:03]} 8. g3 {[%emt 0:00:05]} d6 {[%emt 0:00:16]} 9. Bg2 {[%emt 0:00:06]} Nfd7 {[%emt 0:02:33]} 10. O-O {[%emt 0:01:10]} Nb6 {[%emt 0:00:09]} 11. Qc2 {[%emt 0:01:14]} N8d7 {[%emt 0:00:19]} 12. Rd1 {[%emt 0:00:29]} O-O {[%emt 0:00:28]} 13. e4 {[%emt 0:20:17]} Nc4 {[%emt 0:00:52]} 14. h3 {[%emt 0:06:05]} Qa5 {[%emt 0:01:19]} 15. a4 {[%emt 0:06:33]} Rfb8 {[%emt 0:01:06]} 16. Ra2 {[%emt 0:00:37]} Qb4 {[%emt 0:05:52]} 17. Bf1 {[%emt 0:19:00]} Nde5 {[%emt 0:07:35]} 18. Ne1 {[%emt 0:02:21]} Na5 {[%emt 0:09:11]} 19. Bxa6 {[%emt 0:05:56]} Rxa6 {[%emt 0:00:09]} 20. Qe2 {[%emt 0:00:13]} Qc4 {[%emt 0:02:16]} 21. f4 {[%emt 0:04:08]} Qxe2 {[%emt 0:00:58]} 22. Nxe2 {[%emt 0:00:05]} Nec4 {[%emt 0:00:08]} 23. Nd3 {[%emt 0:01:32]} Nb3 {[%emt 0:01:37]} 24. f5 {[%emt 0:01:36]} Kf8 {[%emt 0:06:20]} 25. Bf4 {[%emt 0:00:54]} Rba8 {[%emt 0:02:23]} 26. Nec1 {[%emt 0:01:19]} Rb6 {[%emt 0:04:39]} 27. Kg2 {[%emt 0:02:59]} Nd4 {[%emt 0:05:17]} 28. fxg6 {[%emt 0:02:18]} hxg6 {[%emt 0:00:02]} 29. Re1 {[%emt 0:01:17]} Rab8 {[%emt 0:08:23]} 30. a5 {[%emt 0:01:02]} Rb5 {[%emt 0:00:01]} 31. a6 {[%emt 0:00:25]} Ra8 {[%emt 0:00:15]} 32. e5 {[%emt 0:04:35]} dxe5 {[%emt 0:00:01]} 33. Nxe5 {[%emt 0:00:28]} Bxe5 {[%emt 0:00:17]} 34. Bxe5 {[%emt 0:00:02]} Nc2 {[%emt 0:01:13]} 35. Re4 {[%emt 0:04:17]} Nxe5 {[%emt 0:00:19]} 36. Rxe5 {[%emt 0:00:09]} Nb4 {[%emt 0:00:02]} 37. Ra3 {[%emt 0:02:19]} Rxa6 {[%emt 0:00:04]} 38. Ne2 {[%emt 0:07:40]} Rxa3 {[%emt 0:02:02]} 39. bxa3 {[%emt 0:00:04]} Nc2 {[%emt 0:00:09]} 40. Re4 {[%emt 0:00:00]} Nxa3 {[%emt 0:00:00]} 41. Ra4 {[%emt 0:02:20]} Nc2 {[%emt 0:01:22]} 42. Nc3 {[%emt 0:00:47]} Rb3 {[%emt 0:01:35]} 43. Ne4 {[%emt 0:01:07]} Ne3+ {[%emt 0:02:43]} 44. Kf2 {[%emt 0:01:17]} Nd1+ {[%emt 0:05:12]} 45. Kg2 {[%emt 0:01:01]} c4 {[%emt 0:01:12]} 46. Ra8+ {[%emt 0:03:44]} Kg7 {[%emt 0:00:02]} 47. d6 {[%emt 0:00:06]} exd6 {[%emt 0:00:17]} 48. Nxd6 {[%emt 0:00:05]} c3 {[%emt 0:00:43]} 0-1

[Event "6th Cattolica Open 2019"]
[Site "Cattolica"]
[Date "2019.06.09"]
[Round "2.10"]
[White "Sonis, Francesco"]
[Black "Lumachi, Gabriele"]
[Result "1-0"]
[WhiteElo "2494"]
[BlackElo "2286"]
[Annotator "ChessBase"]
[PlyCount "131"]
[EventDate "2019.06.08"]
[EventType "swiss"]
[EventCountry "ITA"]
[SourceTitle "playchess.com"]
[Source "ChessBase"]
[SourceQuality "1"]
[TimeControl "40/5400+30:900+30"]

1. c4 {[%emt 0:00:00]} e6 {[%emt 0:00:00]} 2. d4 {[%emt 0:00:00]} d5 {[%emt 0:00:00]} 3. Nc3 {[%emt 0:00:00]} a6 {[%emt 0:00:00]} 4. cxd5 {[%emt 0:00:00]} exd5 {[%emt 0:00:00]} 5. Bf4 {[%emt 0:00:05]} Nf6 {[%emt 0:00:44]} 6. e3 {[%emt 0:00:16]} Bd6 {[%emt 0:01:26]} 7. Bxd6 {[%emt 0:01:50]} Qxd6 {[%emt 0:00:14]} 8. Bd3 {[%emt 0:00:08]} O-O {[%emt 0:00:58]} 9. h3 {[%emt 0:02:50]} Re8 {[%emt 0:04:07]} 10. Nf3 {[%emt 0:05:13]} Nbd7 {[%emt 0:06:23]} 11. O-O {[%emt 0:01:26]} b6 {[%emt 0:06:22]} 12. Qb3 {[%emt 0:13:15]} c5 {[%emt 0:15:33]} 13. Qa3 {[%emt 0:00:04]} Bb7 {[%emt 0:02:19]} 14. Rfd1 {[%emt 0:03:20]} Qc7 {[%emt 0:04:33]} 15. dxc5 {[%emt 0:04:01]} bxc5 {[%emt 0:00:18]} 16. Bf1 {[%emt 0:05:40]} Nf8 {[%emt 0:03:36]} 17. Na4 {[%emt 0:00:52]} Ne6 {[%emt 0:03:03]} 18. Rac1 {[%emt 0:00:47]} Ne4 {[%emt 0:04:58]} 19. Nd4 {[%emt 0:14:53]} c4 {[%emt 0:12:57]} 20. Nc3 {[%emt 0:03:12]} N6c5 {[%emt 0:02:21]} 21. b3 {[%emt 0:05:07]} Nxc3 {[%emt 0:09:23]} 22. Rxc3 {[%emt 0:00:05]} Ne4 {[%emt 0:00:33]} 23. Rc2 {[%emt 0:00:05]} Nd6 {[%emt 0:02:30]} 24. Qa4 {[%emt 0:02:29]} Qe7 {[%emt 0:07:09]} 25. bxc4 {[%emt 0:01:44]} dxc4 {[%emt 0:00:13]} 26. Bxc4 {[%emt 0:01:15]} Nxc4 {[%emt 0:04:49]} 27. Rxc4 {[%emt 0:02:17]} Qg5 {[%emt 0:03:59]} 28. Nc6 {[%emt 0:02:15]} Re6 {[%emt 0:01:10]} 29. Qa5 {[%emt 0:05:57]} Qb5 {[%emt 0:01:58]} 30. Rc5 {[%emt 0:04:20]} Qe2 {[%emt 0:00:42]} 31. Qd8+ {[%emt 0:10:20]} Re8 {[%emt 0:00:53]} 32. Qd2 {[%emt 0:00:04]} Qxd2 {[%emt 0:01:10]} 33. Rxd2 {[%emt 0:00:04]} Kf8 {[%emt 0:00:37]} 34. Na5 {[%emt 0:01:23]} Bc8 {[%emt 0:00:16]} 35. Nb3 {[%emt 0:01:27]} Rb8 {[%emt 0:01:02]} 36. Rc6 {[%emt 0:01:26]} Re6 {[%emt 0:01:02]} 37. Nd4 {[%emt 0:01:48]} Re8 {[%emt 0:00:36]} 38. Rdc2 {[%emt 0:00:33]} g6 {[%emt 0:00:21]} 39. Kh2 {[%emt 0:00:14]} Kg7 {[%emt 0:00:35]} 40. Rc7 {[%emt 0:00:00]} Ra8 {[%emt 0:00:00]} 41. R2c5 {[%emt 0:03:08]} Kf8 {[%emt 0:06:05]} 42. a4 {[%emt 0:02:20]} a5 {[%emt 0:01:19]} 43. Nc6 {[%emt 0:01:52]} Be6 {[%emt 0:01:56]} 44. Nxa5 {[%emt 0:04:59]} Ra6 {[%emt 0:00:19]} 45. Rb5 {[%emt 0:01:02]} Rea8 {[%emt 0:00:38]} 46. Nb3 {[%emt 0:00:39]} Rxa4 {[%emt 0:04:09]} 47. Nc5 {[%emt 0:00:13]} R4a7 {[%emt 0:00:18]} 48. Nxe6+ {[%emt 0:00:07]} fxe6 {[%emt 0:00:02]} 49. Rb8+ {[%emt 0:00:47]} Rxb8 {[%emt 0:00:01]} 50. Rxa7 {[%emt 0:00:05]} h5 {[%emt 0:02:32]} 51. Kg3 {[%emt 0:00:04]} Rb4 {[%emt 0:00:22]} 52. f4 {[%emt 0:00:29]} e5 {[%emt 0:01:34]} 53. fxe5 {[%emt 0:00:58]} Re4 {[%emt 0:00:06]} 54. Kf3 {[%emt 0:00:19]} Rxe5 {[%emt 0:00:05]} 55. e4 {[%emt 0:00:02]} Rb5 {[%emt 0:00:52]} 56. h4 {[%emt 0:01:32]} Kg8 {[%emt 0:01:34]} 57. Kf4 {[%emt 0:00:09]} Rc5 {[%emt 0:01:09]} 58. e5 {[%emt 0:01:37]} Kf8 {[%emt 0:01:12]} 59. g3 {[%emt 0:00:17]} Rb5 {[%emt 0:00:26]} 60. e6 {[%emt 0:00:46]} Rf5+ {[%emt 0:00:57]} 61. Ke4 {[%emt 0:00:05]} Rb5 {[%emt 0:00:18]} 62. Rf7+ {[%emt 0:00:07]} Ke8 {[%emt 0:00:31]} 63. Rg7 {[%emt 0:00:10]} Ra5 {[%emt 0:00:18]} 64. Rxg6 {[%emt 0:00:12]} Ke7 {[%emt 0:00:41]} 65. Kf4 {[%emt 0:00:05]} Ra3 {[%emt 0:00:38]} 66. Rg5 {[%emt 0:00:17]} 1-0

[Event "6th Cattolica Open 2019"]
[Site "Cattolica"]
[Date "2019.06.09"]
[Round "2.11"]
[White "Vignesh B"]
[Black "Arjun Kalyan"]
[Result "0-1"]
[WhiteElo "1846"]
[BlackElo "2484"]
[Annotator "ChessBase"]
[PlyCount "74"]
[EventDate "2019.06.08"]
[EventType "swiss"]
[EventCountry "ITA"]
[SourceTitle "playchess.com"]
[Source "ChessBase"]
[SourceQuality "1"]
[TimeControl "40/5400+30:900+30"]

1. e4 {[%emt 0:00:00]} c5 {[%emt 0:00:00]} 2. Nf3 {[%emt 0:00:00]} Nc6 {[%emt 0:00:00]} 3. d4 {[%emt 0:00:00]} cxd4 {[%emt 0:00:00]} 4. Nxd4 {[%emt 0:00:05]} Nf6 {[%emt 0:00:04]} 5. Nc3 {[%emt 0:00:10]} d6 {[%emt 0:00:07]} 6. Be2 {[%emt 0:01:06]} e5 {[%emt 0:00:37]} 7. Nb3 {[%emt 0:01:00]} Be7 {[%emt 0:00:28]} 8. O-O {[%emt 0:01:59]} O-O {[%emt 0:00:23]} 9. Be3 {[%emt 0:08:24]} Be6 {[%emt 0:00:17]} 10. f3 {[%emt 0:01:42]} a5 {[%emt 0:03:24]} 11. Nd2 {[%emt 0:08:25]} Nd4 {[%emt 0:22:49]} 12. Kh1 {[%emt 0:20:01]} Nxe2 {[%emt 0:11:06]} 13. Qxe2 {[%emt 0:00:22]} d5 {[%emt 0:01:39]} 14. exd5 {[%emt 0:02:04]} Nxd5 {[%emt 0:00:11]} 15. Nxd5 {[%emt 0:04:19]} Qxd5 {[%emt 0:00:15]} 16. c4 {[%emt 0:11:19]} Qc6 {[%emt 0:00:17]} 17. b3 {[%emt 0:04:24]} f5 {[%emt 0:13:34]} 18. Rad1 {[%emt 0:01:59]} a4 {[%emt 0:01:30]} 19. Nb1 {[%emt 0:01:54]} axb3 {[%emt 0:03:54]} 20. axb3 {[%emt 0:00:27]} Bf6 {[%emt 0:10:30]} 21. Nc3 {[%emt 0:02:15]} Rad8 {[%emt 0:00:35]} 22. Rxd8 {[%emt 0:01:48]} Rxd8 {[%emt 0:00:10]} 23. Rd1 {[%emt 0:00:35]} Rd7 {[%emt 0:02:40]} 24. Nb5 {[%emt 0:06:41]} g5 {[%emt 0:04:50]} 25. Bf2 {[%emt 0:04:51]} h5 {[%emt 0:01:28]} 26. Nc3 {[%emt 0:13:11]} g4 {[%emt 0:02:50]} 27. Rxd7 {[%emt 0:01:24]} Qxd7 {[%emt 0:00:03]} 28. Qd1 {[%emt 0:00:49]} Qxd1+ {[%emt 0:01:26]} 29. Nxd1 {[%emt 0:00:02]} Kf7 {[%emt 0:01:04]} 30. Kg1 {[%emt 0:01:21]} Be7 {[%emt 0:02:42]} 31. Nb2 {[%emt 0:00:51]} Bd7 {[%emt 0:04:13]} 32. Nd3 {[%emt 0:00:36]} Bd6 {[%emt 0:00:16]} 33. b4 {[%emt 0:01:09]} gxf3 {[%emt 0:01:17]} 34. gxf3 {[%emt 0:00:05]} Bc6 {[%emt 0:00:16]} 35. Bc5 {[%emt 0:01:30]} Bxc5+ {[%emt 0:00:40]} 36. bxc5 {[%emt 0:00:01]} Kf6 {[%emt 0:01:52]} 37. Kf2 {[%emt 0:00:37]} Bxf3 {[%emt 0:01:03]} 0-1

[Event "6th Cattolica Open 2019"]
[Site "Cattolica"]
[Date "2019.06.10"]
[Round "3.1"]
[White "Dreev, Aleksey"]
[Black "Rychagov, Andrey"]
[Result "1/2-1/2"]
[WhiteElo "2657"]
[BlackElo "2520"]
[Annotator "TA"]
[PlyCount "145"]
[EventDate "2019.06.08"]
[EventType "swiss"]
[EventCountry "ITA"]
[SourceTitle "playchess.com"]
[Source "ChessBase"]
[SourceQuality "1"]

{[%evp 9,145,15,27,10,4,-37,0,-32,26,23,43,18,21,10,25,0,23,0,10,-22,0,0,0,0,38,39,42,13,15,0,0,0,0,0,0,0,24,16,19,33,53,52,54,52,52,47,35,33,34,19,104,112,163,164,153,157,149,95,95,94,89,95,90,82,98,79,77,0,47,47,50,47,37,36,68,68,68,68,88,83,85,85,95,86,89,72,65,22,61,0,0,0,0,0,0,0,0,0,0,0,12,10,8,0,0,0,0,0,1,0,0,0,0,0,0,0,0,0,0,0,0,0,0,0,0,0,0,0,0,0,0,0,0,0,0,0,0,0]} 1. d4 Nf6 2. c4 e6 3. Nc3 d5 4. Nf3 Be7 5. Bf4 O-O 6. a3 {D37: Queen's Gambit Declined: 5 Bf4} b6 7. Qc2 Bb7 8. Rd1 Nbd7 (8... dxc4 $15 9. e3 Nd5) 9. cxd5 $11 exd5 10. g3 c5 11. Bg2 $146 ({Predecessor:} 11. Bh3 a6 12. O-O b5 13. dxc5 Nxc5 {1-0 (34) Mamedyarov,S (2791)-Svetushkin,D (2556) Heraklio 2017}) 11... Rc8 12. dxc5 Nxc5 13. Qb1 Nce4 14. Nb5 a6 15. Nbd4 b5 16. O-O Bd6 17. Bxd6 Qxd6 18. Bh3 Rc4 19. Qa1 Bc8 20. Bg2 Bd7 21. e3 Bg4 22. b3 Rc5 23. Rc1 Rfc8 24. Rxc5 Qxc5 25. Ne5 $36 {[%mdl 2048] White has the initiative.} Be6 26. Nd3 Qc3 27. Qxc3 Rxc3 28. Rd1 Kf8 29. h3 Ke7 (29... a5 $11) 30. Nb4 $16 Nd6 (30... Bc8 $16) 31. Nxa6 $18 Nf5 32. Nxb5 Rxb3 33. Nac7 (33. a4 $142) 33... Nd6 $16 34. a4 {[%cal Rg2d5]} Nxb5 35. Nxb5 Bd7 36. Bf1 ({Inferior is} 36. Bxd5 Nxd5 37. Rxd5 Rb1+ 38. Kh2 Bc6 $17) 36... Rb2 37. Nc3 Rc2 38. Nb5 (38. Nxd5+ $16 Nxd5 39. Rxd5) 38... Ra2 39. Rd4 Ra1 {[#] Threatens to win with ...Bxh3.} 40. g4 h5 {[%cal Rh5g4]} 41. f3 hxg4 42. hxg4 Bc6 43. Kf2 Nd7 44. Nc3 Nb6 45. Bb5 Bxb5 46. axb5 {[%mdl 4096] Endgame KRN-KRN} Ke6 47. Rd2 Ra3 48. Ne2 Kd6 49. Nd4 ({White should play} 49. e4 $14) 49... Kc5 $11 {The position is equal.} 50. g5 Nc4 51. Re2 g6 52. Rc2 Kb6 53. Re2 Kc5 54. f4 Nd6 55. Rb2 Kb6 56. Rc2 Nc4 57. Re2 Kc5 58. Kf3 Rd3 59. f5 gxf5 60. Nxf5 Kxb5 61. Kf4 Rd1 {[#] White must now prevent ...Rf1+.} 62. Rf2 Kc5 63. Nd4 Re1 64. Rf3 Kd6 65. Nf5+ Ke6 66. Nd4+ Ke7 67. Nf5+ Ke6 68. Rf2 Ra1 69. Nd4+ Ke7 70. Rf3 Re1 71. Nf5+ Ke6 72. Rf2 Ra1 73. Nd4+ {Accuracy: White = 52%, Black = 68%.} 1/2-1/2

[Event "6th Cattolica Open 2019"]
[Site "Cattolica"]
[Date "2019.06.10"]
[Round "3.2"]
[White "Barseghyan, Harutyun"]
[Black "Mareco, Sandro"]
[Result "1-0"]
[WhiteElo "2495"]
[BlackElo "2643"]
[Annotator "TA"]
[PlyCount "79"]
[EventDate "2019.06.08"]
[EventType "swiss"]
[EventCountry "ITA"]
[SourceTitle "playchess.com"]
[Source "ChessBase"]
[SourceQuality "1"]

{[%evp 20,79,14,14,20,0,0,0,0,0,0,0,0,0,4,6,5,0,0,-53,0,0,0,-4,20,20,20,22,35,13,20,20,184,187,210,213,217,210,211,208,206,206,231,218,300,273,288,295,314,308,300,306,451,441,557,271,551,550,669,635,565,525]} 1. d4 Nf6 2. c4 e6 3. Nc3 Bb4 4. Qc2 d6 5. Nf3 O-O 6. g3 b6 7. Bg2 Bb7 8. O-O Nbd7 {[%cal Bb8d7,Bd7f6,Bf6e4][%mdl 32]} 9. b3 Bxc3 10. Qxc3 a5 11. a3 Be4 {E32: Nimzo-Indian: Classical (4 Qc2): 4...0-0} 12. Bg5 $146 ({Predecessor:} 12. Bb2 Qb8 13. Rac1 Qb7 14. Rfd1 Rfc8 15. Bh3 b5 16. Nd2 bxc4 17. bxc4 Rcb8 18. Ba1 Bg6 19. Bg2 c6 20. e4 {½-½ (76) Wang,H (2717)-Tomashevsky,E (2728) Huaian 2016}) 12... h6 13. Bxf6 Nxf6 {The position is equal.} 14. Rac1 c5 15. Rfd1 Qc7 16. Ne1 Rfd8 17. Bxe4 Nxe4 18. Qe3 Nf6 19. Nf3 (19. a4 $11) 19... Qb7 ({Black should try} 19... a4 $15) 20. a4 $11 Rac8 21. Qf4 Ne4 22. d5 exd5 23. Rxd5 Re8 24. Nd2 $36 {[%mdl 2048] Black is under pressure.} Nf6 25. Rxd6 Rxe2 $2 (25... Qb8 $11 {and Black has nothing to worry.} 26. Nf3 Rxe2) 26. Rxf6 $1 $18 {[#] aiming for Rd6.} Rxd2 27. Qxd2 gxf6 28. Qxh6 $11 {[%mdl 4096] Endgame KQR-KQR} Qf3 29. Re1 Rd8 {[#]} 30. Qe3 $1 {[%cal Re3f3]} Qxe3 31. Rxe3 $18 {KR-KR} Rd1+ 32. Kg2 Kg7 33. Kf3 f5 34. Ke2 Rb1 35. Rd3 Kf8 (35... Kf6 $142 36. Rd6+ Ke5 37. Rxb6 Ke4 38. f3+ Kd4 39. Rd6+ Kc3 40. Rd3+ Kc2) 36. Ke3 Ke7 37. f3 Ke6 $2 (37... Rh1 {was worth a try.} 38. h4 Rg1) 38. Kf4 {White is clearly winning.} Rb2 39. h4 Rb1 40. h5 {Accuracy: White = 87%, Black = 32%.} 1-0